00337nam a2200109Ia 4500008004100000082000800041100001800049245004400067942000600111952009500117999001500212240331s9999 xx 000 0 und d bCOM aSoanes, C. ed 4aThe compact Oxford reference dictionary cL 001040708LaWERCLbWERCLcSSCd2024-03-31l0o 423 COMp1805r2024-03-31w2024-03-31yL c3243d3243